<?xml version="1.0" encoding="UTF-8"?>
<marc:record xmlns:marc="http://www.loc.gov/MARC21/slim">
   <marc:leader>00000nam a2200000 a 4500</marc:leader>
   <marc:datafield ind1="1" ind2=" " tag="100">
      <marc:subfield code="a">Tursten, Helene</marc:subfield>
      <marc:subfield code="4">aut</marc:subfield>
      <marc:subfield code="e">Verfasser/-in</marc:subfield>
   </marc:datafield>
   <marc:datafield ind1="0" ind2="0" tag="245">
      <marc:subfield code="a">Alter schützt vor Morden nicht</marc:subfield>
   </marc:datafield>
   <marc:datafield ind1="0" ind2="0" tag="245">
      <marc:subfield code="b">Kriminelle Geschichten</marc:subfield>
   </marc:datafield>
   <marc:datafield ind1="0" ind2="0" tag="245">
      <marc:subfield code="c">Helene Tursten</marc:subfield>
   </marc:datafield>
   <marc:datafield ind1=" " ind2="1" tag="264">
      <marc:subfield code="a">München</marc:subfield>
      <marc:subfield code="b">btb</marc:subfield>
      <marc:subfield code="c">2021</marc:subfield>
   </marc:datafield>
   <marc:datafield ind1=" " ind2=" " tag="250">
      <marc:subfield code="a">Deutsche Erstausgabe</marc:subfield>
   </marc:datafield>
   <marc:datafield ind1="1" ind2=" " tag="520">
      <marc:subfield code="a">Angaben aus der Verlagsmeldung

Alter schützt vor Morden nicht : Kriminelle Geschichten Äldre dam med onda avsikter / von Helene Tursten

Von der SPIEGEL-Bestseller-Autorin Helene Tursten. Tatort Ohrensessel: Mit dieser 88-Jährigen rechnet niemand ...

Maud, 88 Jahre, keine Familie, keine Sorgen ... keine Skrupel, wenn es um einen kleinen Mord geht. Seit ihr Vater starb als sie 18 war, lebt Maud in der schönen geräumigen Altbauwohnung im Zentrum Göteborgs - mietfrei, dank eines eilig aufgesetzten und nicht ganz wasserdichten Vertrags. Damals erkannte Maud, dass aus Tragödien manchmal Gutes erwächst. Sie führt eine einsame Existenz, aber sie liebt ihr Leben. Hält es doch einige Abenteuer bereit. Oder sollte man besser Missgeschicke sagen? Weder Immobilienspekulanten noch verflossene Lieben oder unliebsame Nachbarn sind vor ihr sicher. Bis die Polizei kommt. Aber was kann die einer fast 90-Jährigen schon anhaben?

</marc:subfield>
   </marc:datafield>
   <marc:datafield ind1=" " ind2=" " tag="020">
      <marc:subfield code="a">9783442771462</marc:subfield>
      <marc:subfield code="9">9783442771462</marc:subfield>
   </marc:datafield>
   <marc:datafield ind1=" " ind2=" " tag="020">
      <marc:subfield code="a">3442771463</marc:subfield>
      <marc:subfield code="9">3442771463</marc:subfield>
   </marc:datafield>
   <marc:datafield ind1=" " ind2=" " tag="041">
      <marc:subfield code="a">ger</marc:subfield>
   </marc:datafield>
   <marc:datafield ind1=" " ind2=" " tag="300">
      <marc:subfield code="a">144 Seiten</marc:subfield>
   </marc:datafield>
</marc:record>
